Statistics for Jeppy in Disguise #1

Click here to take the quiz!

General Stats

  • This quiz has been taken 31,956 times
  • The average score is 11 of 15

Answer Stats

Answer% Correct
Mario
99%
The Joker
95%
Elvis Presley
93%
Pikachu
90%
Wonder Woman
90%
Ariel
89%
Jack Sparrow
83%
Pinocchio
79%
Queen Elizabeth II
78%
Abraham Lincoln
77%
Chewbacca
68%
Zorro
63%
David Bowie
52%
Robocop
51%
Hercule Poirot
25%

Score Distribution

Percentile by Number Answered

Percent of People with Each Score

Your Score History

You have not taken this quiz